Ανάλυση και διαχείριση των κινδύνων στη θάλασσα μεταφορά του υγροποιημένου φυσικού αερίου (LNG). Μελέτη περίπτωσης του σταθμού αεριοποιήσης υγροποιημένου φυσικού αερίου (LNG) στη νήσο Ρεβυθούσα - Υπάρχει κίνδυνος; : [διπλωματική εργασία]
Saved in:
| Main Author: | |
|---|---|
| Corporate Author: | |
| Other Authors: | |
| Format: | Thesis Book |
| Language: | Greek |
| Published: |
2007
|
| Subjects: | |
| Online Access: | http://hdl.handle.net/11610/13115 |
| Tags: |
Add Tag
No Tags, Be the first to tag this record!
|
MARC
| LEADER | 00000cam a2200000 i 4500 | ||
|---|---|---|---|
| 001 | 1/64846 | ||
| 008 | 071128s2007 gre d | ||
| 035 | |l 10092613 | ||
| 040 | |a GR-MY-UA |b gre |e aacr | ||
| 041 | 0 | |a gre | |
| 082 | 0 | |a 363.12 |2 (22) | |
| 100 | 1 | |a Πιερράτος, Ηλίας. | |
| 245 | 1 | 0 | |a Ανάλυση και διαχείριση των κινδύνων στη θάλασσα μεταφορά του υγροποιημένου φυσικού αερίου (LNG). Μελέτη περίπτωσης του σταθμού αεριοποιήσης υγροποιημένου φυσικού αερίου (LNG) στη νήσο Ρεβυθούσα - Υπάρχει κίνδυνος; : |b [διπλωματική εργασία] / |c Πιερράτος Ηλίας ; επιβλέπων: Θεοτοκάς Γίαννης |
| 260 | |c 2007 | ||
| 300 | |a 163 σ.; |b εικ., σχ., πιν.; |c 30 εκ. | ||
| 502 | |a Διατριβή (μεταπτυχιακή) – Πανεπιστήμιο Αιγαίου, Χίος, 2007. | ||
| 504 | |a Περιλαμβάνει βιβλιογραφία | ||
| 610 | 2 | 0 | |a Πανεπιστήμιο Αιγαίου. |
| 650 | 0 | 0 | |a Natural gas. |
| 650 | 0 | 0 | |a Natural gas |x Transportation. |
| 650 | 0 | 0 | |a Risk management. |
| 650 | 0 | 0 | |a Ships |x Safety regulations. |
| 650 | 0 | 0 | |a Hazardous substances |x Transportation. |
| 650 | 0 | 0 | |a Transportation accident. |
| 650 | 0 | 0 | |a Dissertations, Academic |z Greece. |
| 700 | 1 | |a Θεοτοκάς, Γιάννης, |d 1965- |4 ths | |
| 710 | 1 | |a Πανεπιστήμιο Αιγαίου |b Σχολή Επιστημών της Διοίκησης |b Τμήμα Ναυτιλίας και Επιχειρηματικών Υπηρεσιών |b Πρόγραμμα Μεταπτυχιακών Σπουδών "Ναυτιλία, Μεταφορές και Διεθνές Εμπόριο - ΝΑ.Μ.Ε.". | |
| 852 | |a INST |b CHIOS |c DIATR |e 20071128 |h 363.12 ΠΙΕ |p 005200028284 |q 005200028284 |t MTXE |y 23 | ||
| 852 | |a INST |b CHIOS |c DIATR |e 20071128 |h 363.12 ΠΙΕ |p 005200028285 |q 005200028285 |t MTXE |y 23 | ||
| 856 | |u http://hdl.handle.net/11610/13115 | ||
| 901 | |a BIBL2-2007-3 | ||
| 909 | |a Χ |b 131464 | ||
| 909 | |a X |b 131465 | ||
| 924 | |a Πιερράτος |b Ηλίας |y Χίος |z 2007-11 | ||
| 970 | |a Ατσάλη |b Δέσποινα |z 2007/11/28 | ||